000 00317nam a22001337a 4500
008 171004b xxu||||| |||| 00| 0 eng d
020 _a0683015117
041 _aeng
080 _a159.9
100 _a48
101 _aPSI
245 _aLANGUAGE INTERVENTION STRATEGIES IN ADULT APHASIA
_cCHAPEY,R
942 _2udc
_cBK
999 _c31698
_d31698